000 00444nam a2200169 i 4500
001 142603
003 ES-MaACL
005 20230906200553.0
007 t|
008 071009s1972 sp ||||1| cat d
100 1 _aVia, Ramona.
_9114252
245 1 0 _aCom neixen els catalans /
_cRamona Via.
250 _a[1ยช ed.].
260 _aBarcelona :
_bClub Editor,
_c[1972]
300 _a210 p. ;
_c20 cm.
852 _aES-MaACL
_jC-49771
_bR.84895
999 _c142603
_d142603